LEADER 01782oam 2200481M 450 001 9910715549403321 005 20191121065739.2 035 $a(CKB)5470000002512561 035 $a(OCoLC)1065897424 035 $a(OCoLC)995470000002512561 035 $a(EXLCZ)995470000002512561 100 $a20070221d1832 ua 0 101 0 $aeng 135 $aurcn||||||||| 181 $ctxt$2rdacontent 182 $cc$2rdamedia 183 $acr$2rdacarrier 200 10$aIn Senate of the United States, February 8, 1832. Mr. Sprague offered the following resolutions, which were read, and ordered to be printed .. 210 1$a[Washington, D.C.] :$c[publisher not identified],$d1832. 215 $a1 online resource (1 page) 225 1 $aSenate document / 22nd Congress, 1st session. Senate ;$vno. 52 225 1 $a[United States congressional serial set ] ;$v[serial no. 212] 300 $aTitle from opening lines of text. 300 $aBatch processed record: Metadata reviewed, not verified. Some fields updated by batch processes. 300 $aFDLP item number not assigned. 606 $aExecutive-legislative relations 606 $aTariff preferences 606 $aTreaties 608 $aLegislative materials.$2lcgft 615 0$aExecutive-legislative relations. 615 0$aTariff preferences. 615 0$aTreaties. 701 $aSprague$b Peleg$f1793-1880$pAnti-Jackson (ME)$01410465 801 0$bWYU 801 1$bWYU 801 2$bOCLCO 801 2$bOCLCQ 801 2$bOCLCO 801 2$bOCLCQ 906 $aBOOK 912 $a9910715549403321 996 $aIn Senate of the United States, February 8, 1832. Mr. Sprague offered the following resolutions, which were read, and ordered to be printed .$93499170 997 $aUNINA LEADER 02674nam 22005773 450 001 9910633997003321 005 20250628110027.0 035 $a(CKB)5590000001022463 035 $a(oapen)https://directory.doabooks.org/handle/20.500.12854/94969 035 $a(MiAaPQ)EBC7156899 035 $a(Au-PeEL)EBL7156899 035 $a(OCoLC)1369644911 035 $a(ODN)ODN0010072363 035 $a(OCoLC)1356891248 035 $a(EXLCZ)995590000001022463 100 $a20230317d2023 uy 0 101 0 $ager 135 $aurmn|---annan 181 $ctxt$2rdacontent 182 $cc$2rdamedia 183 $acr$2rdacarrier 200 10$aOrte und Räume Im Roman $eEin Beitrag Zur Digitalen Literaturwissenschaft 205 $a1st ed. 210 $d2022 210 1$aBerlin, Heidelberg :$cJ. B. Metzler'sche Verlagsbuchhandlung & Carl Ernst Poeschel GmbH,$d2023. 210 4$d©2023. 215 $a1 electronic resource (234 p.) 225 1 $aDigitale Literaturwissenschaft 311 08$a3-662-66034-2 311 08$a3-662-66035-0 330 $aDieses Open-Access-Buch bietet eine breit angelegte, digital unterstu?tzte, korpusbasierte Studie zur Referenzierung von Orten und Räumen in Erzähltexten. Aus literaturwissenschaftlicher, insbesondere narratologischer Forschung sowie mathematischen, philosophischen, physikalischen und kulturwissenschaftlichen Ansätzen zur Thematik des Raumes wird ein fuzzy-set-Modell herausgearbeitet, mit dem Raum in literarischen Texten analysiert und quantifiziert werden kann. Das Modell ist Grundlage eines Machine-Learning- Trainings, mit Hilfe dessen ein Tool trainiert wurde, das Ausdru?cke, die in die Kategorien des theoriebasierten Modells fallen, automatisch erkennt und annotiert. In einem Kernkorpus aus 100 Romanen aus vier Jahrhunderten (18-21) wurden mit Hilfe dieses Tools mehr als eine Million Annotationen in die Texte eingefu?gt und anschließend analysiert. 410 0$aDigitale Literaturwissenschaft 606 $aLiterature: history & criticism$2bicssc 606 $aLiterature & literary studies$2bicssc 610 $aComputational Literary Studies 610 $aDigital Humanities 610 $aNarratologie 610 $aLiteraturwissenschaft 610 $aGermanistik 610 $aRaumnarratologie 615 7$aLiterature: history & criticism 615 7$aLiterature & literary studies 686 $aLIT000000$aLIT020000$2bisacsh 700 $aSchumacher$b Mareike K$01279048 801 0$bMiAaPQ 801 1$bMiAaPQ 801 2$bMiAaPQ 906 $aBOOK 912 $a9910633997003321 996 $aOrte und Räume im Roman$93014484 997 $aUNINA